Проектирование кулачковых механизмов: методические указания для студентов заочного обучения; Вып. 2

Detaylı Bibliyografya
Yazar: Попов А. А.
Müşterek Yazar: Пермский политехнический институт (ППИ)
Diğer Yazarlar: Постников Н. М.
Özet:Исключено из фонда НТБ ТПУ
Dil:Rusça
Baskı/Yayın Bilgisi: Пермь, Изд-во ППИ, 1963
Materyal Türü: MixedMaterials Kitap
KOHA link:https://koha.lib.tpu.ru/cgi-bin/koha/opac-detail.pl?biblionumber=318858

MARC

LEADER 00000nam0a2200000 4500
001 318858
005 20231101020558.0
035 |a (RuTPU)RU\TPU\book\344360 
090 |a 318858 
100 |a 20160510d1963 m y0rusy50 ca 
101 0 |a rus 
102 |a RU 
105 |a a j 000zy 
200 1 |a Проектирование кулачковых механизмов  |e методические указания для студентов заочного обучения  |h Вып. 2  |f А. А. Попов, Н. М. Постников  |g Пермский политехнический институт (ППИ) 
210 |a Пермь  |c Изд-во ППИ  |d 1963 
215 |a 20 с.  |c черт. 
333 |a Исключено из фонда НТБ ТПУ 
700 1 |a Попов  |b А. А. 
701 1 |a Постников  |b Н. М. 
712 0 2 |a Пермский политехнический институт (ППИ)  |c (1960-1992) 
801 1 |a RU  |b 63413507  |c 20160510 
801 2 |a RU  |b 63413507  |c 20201124  |g RCR 
942 |c BK